00196nam a22000857a 4500020001500000100001800015245003400033260003100067300001200098 a0439343887 aBen M. Baglio aAnimal Ark: Pony in a Package aNew YorkbScholasticc1999 a141 pgs